000 00753nam a22002177a 4500
003 OSt
005 20251127160947.0
008 251127b |||||||| |||| 00| 0 eng d
020 _a978-1-4129-9952-6
040 _aDWC-Main lib.
_cOC
082 _aCirc. 616.8914 C532s 2012
100 _aChi-Ying Chung, Rita
245 _aSocial justice counseling :
_bthe next steps beyond multiculturalism/
_cRita Chi-Ying Chung
260 _aSingapore :
_bSAGE Publications,
_cc2012.
300 _avii, 278 pages ;
_c23 cm.
504 _aIncludes bibliographical references.
650 _a1. Cross-cultural counseling.
650 _a2. Psychiatry, Transcultural.
650 _a3. Social justice. I. Bemak, Frederick P.
942 _2ddc
_cBK-CIRC
_kCirc.
_n0
999 _c6511
_d6511